00473nam a2200157Ia 4500008004100000020001800041082001600059100001800075245006500093250000700158260003700165300002300202500001900225600002100244650005000265240925s9999 xx 000 0 und d a9788120340879 a004.165 MAT aMathur, Sunil 0aMicroprocessor 8086 Architecture, Programing and Interfacing aNA aNew Delhi:bPHI Learningc,2013. a192p.b0fOriginal aIncludes Index aComputer Science aComputer science, information & general works